LEADER 02748nam a2200349 i 4500 001 000000078379 003 CaOOAMICUS 005 20250806121456.0 008 170222s1613 it u000 u ita u 013 $a50616 026 $anora n-e, lada sodo (7) 1613 (R) 040 $aSeMil$bita 100 1 $aZucchi, Bartolomeo,$d.$0(OLS)http://semarc/name/90617 245 12$aL'Historia della serenissima Theodelinda reina de Longobardi, fabricatrice del Tempio di San Giouanni Battista, e nobilitatrice di Monza, cittą imperiale. Descritta da Bartolomeo Zucchi monzese. 246 0 $iTitolo dell'occhietto$aTre illustrissime glorie di Monza citta imperiale, per la Vita della reina Theodelinda, per la Corona ferrea, per la Vita di san Gherardo, da Bartolomeo Zucchi monzese publicate al mondo 260 $aIn Milano :$bPer l' Herede di Pacifico Pontio, e Gio. Battista Piccaglia stampatori della Corte Archiepiscopale,$c1613$e(In Milano :$fNella Stamperia Archiepiscopale,$g1613) 300 $a57 [i.e. 147], [1] p. :$bill. ;$c4°. 500 $aSegn.: A-G4 H2 K4 chiK4 L-O4 P6 Q-R4 S6 500 $aAnnunciati nell'occhietto seguono con front. proprio: Breve historia della corona ferrea... (c. K1r) e Vita di san Gherardo confessore... (c. Q1r) 500 $aStemma calcogr. sul front. 500 $aNote ms. sulla provenienza prima dell'occhietto 501 $aDi Bartolomeo Zucchi monzese Breve historia della Corona ferrea, et il catalogo di quei re, et imperadori, che in Monza cittą imperiale, et altrove l'hanno usata, .. 501 $aVita di San Gherardo confessore da Monza scritta da Bartholomeo Zucchi monzese 600 04$aTeodolinda .$0(OLS)http://semarc/subject/48241 600 04$aGerardo : dei Tintori .$0(OLS)http://semarc/subject/16600 700 1 $aDa Ponte, Pacifico eredi & Piccaglia, Giovanni Battista,$c.$0(OLS)http://semarc/name/5822 850 $aSeMil 852 $aSeMil$W1$xVenegono$y1$m3P IV 48 FA$j44315$B44315$CSeMilBibl$Z2$F45975 $8I 996 $6245$aL'Historia della serenissima Theodelinda reina de Longobardi, fabricatrice del Tempio di San Giouanni Battista, e nobilitatrice di Monza, cittą imperiale. Descritta da Bartolomeo Zucchi monzese$9(OLS)http://semarc/title/402899 996 $6246$aTre illustrissime glorie di Monza citta imperiale, per la Vita della reina Theodelinda, per la Corona ferrea, per la Vita di san Gherardo, da Bartolomeo Zucchi monzese publicate al mondo$9(OLS)http://semarc/title/425395 996 $6260$aIn Milano :$bPer l' Herede di Pacifico Pontio, e Gio. Battista Piccaglia stampatori della Corte Archiepiscopale$9(OLS)http://semarc/publisher/56347 LEADER 01095nam a2200217 i 4500 001 000000067890 003 CaOOAMICUS 005 20130603000000.0 008 130603s1748 xx u000 u lat u 013 $a39062 026 $aMOGE r-s. s.um muad (3) 1748 (R) 040 $aSeMil$bita 245 10$aPars octava, sive ultima. De imperio publico, seu iure civitatis, in qua omne ius publicum universale demonstratur .. 300 $a[20], 848, [28] p. 500 $aSegn. : a-b4 c2 A-5R4 5S2. 773 0 $aWolff, Christian Gottlieb $tJus naturae methodo scientifica pertractatum. Pars 1. [-8.] ... Authore Christiano Wolfio ..$bEditio nova cum privilegiis.$dFrancofurti et Lipsiae : Prostat in Officina libraria Rengeriana, 1741-1756.$g8$w()9550 850 $aSeMil 852 $aSeMil$W1$xVenegono$y1$m2O II 15 FA$j34043$B34043$CSeMilBibl$Z2$F34046 $8I 941 1 $a10 961 $aRecupero: Mantegazza 996 $6245$aPars octava, sive ultima. De imperio publico, seu iure civitatis, in qua omne ius publicum universale demonstratur ..$9(OLS)http://semarc/title/108280